Znalostný manažment v rozvoji podniku diplomová práca

Salvato in:
Dettagli Bibliografici
Autore principale: Dovičinová, Monika
Ente Autore: Fakulta podnikového manažmentu EU. Katedra manažmentu výroby a logistiky - zrušená
Altri autori: Džubáková, Martina
Natura: Libro
Lingua:slovacco
Pubblicazione: Bratislava 2012
Tags: Aggiungi Tag
Nessun Tag, puoi essere il primo ad aggiungerne!!

MARC

LEADER 00000nbm a2200000 4500
001 0152524
005 20170315090430.8
041 0 |a slo 
044 |a SK 
245 1 0 |a Znalostný manažment v rozvoji podniku  |b diplomová práca  |c Monika Dovičinová ; školiteľ: Martina Džubáková 
264 1 |a Bratislava  |c 2012 
300 |a 80 s. 
100 1 |a Dovičinová, Monika 
700 1 |a Džubáková, Martina 
710 2 |a Fakulta podnikového manažmentu EU. Katedra manažmentu výroby a logistiky - zrušená